00618nam a2200205Ia 450000500170000000800410001704000190005804100120007708200200008910000210010924500460013026000360017630000110021250400190022365000170024285000100025994200070026999900170027695201190029320230328094841.0131103s9999 xx 000 0 und d aLoreto College aEnglish a822.91bSHA-SEN aGupta, S. C. Sen 4aThe Art of Bernard ShawcS. C. Sen, Gupta aCalcuttabN. M. Publisherc1992 a192p.  aIncludes index aEnglish play aLCLIB cBK c22124d72603 00102ddc4070aMAINbMAINd2013-11-04l1o822.91 SHA-SEN 37770pB24424r2018-01-05s2018-01-05w2013-11-04yBKf